00203nam a22000857a 4500020001800000050001300018082001300031245004300044260003000087 a9781402758201 aEJF SCAR aEJF SCAR aGreat big schoolhousecScarry, Richard aNew YorkbSterling c1969